• 首页
  • 本馆介绍
  • 公告通知
  • 最新文献
  • 馆藏检索
  • 电子资源
  • 读者导购
  • 参考咨询
  • 我的图书馆
  • 登录
  • 详细信息显示
  • 放入我的书架
  • 预约/预借图书
  • 作者相关作品
  • 分类相关作品
  • 丛书相关作品
  • 出版社相关作品

书目信息

  • 表格格式
  • 工作单格式
  • 卡片格式
题名:
科学:无尽的前沿
    
 
作者: 布什 , 霍尔特 著 ;崔传刚 译
分册:  
出版信息: 北京   中信出版集团股份有限公司  2021
页数: 235页
开本: 21cm
丛书名:
单 册:
中图分类: G327.12 , G327.12
科图分类:
主题词: 科学研究工作--研究--美国 , 技术经济学
电子资源:
ISBN: 978-7-5217-2959-7
000 01143nam0 2200277 450
001 2151499621
005 20211116141846.81
010    @a978-7-5217-2959-7@b精装@dCNY59.00
100    @a20210517d2021 em y0chiy50 ea
101 1  @achi@ceng
102    @aCN@b110000
105    @ay z 000yy
200 1  @a科学:无尽的前沿@9ke xue:wu jin de qian yan@dScience, the endless frontier@f(美)范内瓦·布什(Vannevar Bush),(美)拉什·D. 霍尔特(Rush D. Holt)著@g崔传刚译@zeng
210    @a北京@c中信出版集团股份有限公司@d2021
215    @a235页@d21cm
330    @a本书解析了科学对于国家经济与安全、社会福祉以及个人发展的重要意义,着重提出要重视基础科学研究,给予科研工作者高度的研究自由,政府应拨款以资助科研项目的顺利进行,以及设立国家研究基金会等。
510 1  @aScience, the endless frontier@zeng
606 0  @a科学研究工作@x研究@y美国
606 0  @a技术经济学
690    @aG327.12@v5
690    @aG327.12@v4
701  0 @c(美)@a布什@9bu shi@c(Bush, Vannevar)@4著
701  0 @c(美)@a霍尔特@9huo er te@c(Holt, Rush D.)@4著
702  0 @a崔传刚@9cui chuan gang@c(经济管理)@4译
801  0 @aCN@b山东中教@c20211112
905    @aZUCC@dG327.12@e1
    
    科学:无尽的前沿=Science, the endless frontier/(美)范内瓦·布什(Vannevar Bush),(美)拉什·D. 霍尔特(Rush D. Holt)著/崔传刚译.-北京:中信出版集团股份有限公司,2021
    235页;21cm
    
    
    ISBN 978-7-5217-2959-7(精装):CNY59.00
    本书解析了科学对于国家经济与安全、社会福祉以及个人发展的重要意义,着重提出要重视基础科学研究,给予科研工作者高度的研究自由,政府应拨款以资助科研项目的顺利进行,以及设立国家研究基金会等。
●
相关链接 在五车中查询图书 在当当中查询图书 在豆瓣中查询图书


正题名:科学:无尽的前沿     索取号:G327.12/1         预约/预借

序号 登录号 条形码 馆藏地/架位号 状态 备注
1 2000887728   2000887728   第二书库/ [索取号:G327.12/1] 在馆    
2 2000887729   2000887729   第二书库/ [索取号:G327.12/1] 在馆    
3 2000887730   2000887730   第二书库/ [索取号:G327.12/1] 在馆    
山东省滨州职业学院图书馆 欢迎您!
大连网信软件有限公司© 版权所有